Który film lepszy? #3 - Statystyki

Ogólne statystyki
  • Ten quiz został rozwiązany 237 razy
  • Średni wynik to 3 z 10
Statystyki odpowiedzi
Zagadnienie Odpowiedź % Poprawnych
Który z tych gangsterskich filmów został oceniony najwyżej? Pulp Fiction
80%
Która z tych odsłon przygód Robin Hooda została oceniona najwyżej? (W tym przypadku różnych odsłon było tak wiele, że dla ułatwienia podam rok wypuszczenia filmu) Robin Hood: Książę złodziei (1991)
80%
Który z tych filmów XXX został oceniony najwyżej? Shortbus
40%
Który z tych polskich filmów wojennych został oceniony najwyżej? Wołyń
40%
Która z tych biografii zdobyła najwyższe oceny? (w nawiasach bohaterowie biografii) Amadeusz (Amadeusz Mozart)
20%
Która z tych ekranizacji kultowych gier została oceniona najwyżej? Książę Persji: Piaski czasu
20%
Który z tych filmów niemych został oceniony wyżej? Męczeństwo Joanny d'Arc
20%
Która z tych ekranizacji lektur szkolnych została oceniona najwyżej? Mały Książę
0%
Który z tych musicali został oceniony najwyżej? Notre-Dame de Paris
0%
Który z tych filmów religijno-biblinych został oceniony najwyżej? Ostatnie kuszenie Chrystusa
0%
Nie znaleziono quizów pasujących do podanych kryteriów
Rozkład punktacji
Procent ludzi z każdym wynikiem
Percentyl według liczby udzielonych odpowiedzi
Twoja historia wyników
Nie rozwiązałeś tego quizu